[Event "CHI-ch U20"]
[Site "Maipu"]
[Date "2017.02.08"]
[Round "4.2"]
[White "Bustamante Chavez, Matias Marcelo"]
[Black "Donoso Diaz, Sebastian"]
[Result "0-1"]
[WhiteElo "1650"]
[BlackElo "2111"]
[PlyCount "90"]
[EventDate "2017.02.07"]
[EventType "swiss"]
[EventRounds "9"]
[EventCountry "CHI"]
[SourceTitle "EXT 2024"]
[Source "ChessBase"]
[SourceDate "2023.10.10"]
[SourceVersion "1"]
[SourceVersionDate "2023.10.10"]
[SourceQuality "1"]

1. e4 c5 2. Nf3 d6 3. d4 cxd4 4. Nxd4 Nf6 5. Nc3 g6 6. Be3 Bg7 7. f3 0-0 8. Qd2 Nc6 9. Bc4 Bd7 10. 0-0-0 Rc8 11. Bb3 Ne5 12. Kb1 Nc4 13. Bxc4 Rxc4 14. Nb3 Qc8 15. h4 b5 16. h5 b4 17. Ne2 Nxh5 18. Rxh5 gxh5 19. Ng3 a5 20. Nxh5 Be5 21. Bh6 Kh8 22. f4 Bg4 23. Rh1 Bxh5 24. fxe5 Bg6 25. Bxf8 Qxf8 26. exd6 exd6 27. Nxa5 Rxe4 28. Re1 Qe8 29. Qd4+ Qe5 30. Rxe4 Bxe4 31. Qxe5+ dxe5 32. g3 f5 33. Kc1 h5 34. Nc4 f4 35. gxf4 exf4 36. Nd2 Bd5 37. a4 Kg7 38. Kd1 Kf6 39. Ke1 h4 40. Kf2 h3 41. Nf1 Ke5 42. c3 b3 43. Nh2 Ke4 44. Ng4 Kd3 45. Kg1 Kc2 0-1

[Event "CHI-ch U20"]
[Site "Maipu"]
[Date "2017.02.07"]
[Round "1.2"]
[White "Sanchez Sandoval, Gonzalo"]
[Black "Bustamante Chavez, Matias Marcelo"]
[Result "1/2-1/2"]
[WhiteElo "2256"]
[BlackElo "1650"]
[PlyCount "114"]
[EventDate "2017.02.07"]
[EventType "swiss"]
[EventRounds "9"]
[EventCountry "CHI"]
[SourceTitle "EXT 2024"]
[Source "ChessBase"]
[SourceDate "2023.10.10"]
[SourceVersion "1"]
[SourceVersionDate "2023.10.10"]
[SourceQuality "1"]

1. c4 Nf6 2. Nc3 g6 3. g3 Bg7 4. Bg2 0-0 5. Nf3 d6 6. 0-0 e5 7. Rb1 a5 8. a3 Nc6 9. d3 Ne7 10. b4 axb4 11. axb4 h6 12. d4 Bf5 13. Rb3 Ne4 14. Bb2 Nxc3 15. Bxc3 Bd7 16. Qb1 Be6 17. d5 Bd7 18. Qb2 f5 19. Nd2 g5 20. b5 Ng6 21. b6 c5 22. dxc6 Bxc6 23. Bxc6 bxc6 24. b7 Rb8 25. Ra1 Qe7 26. Ra7 e4 27. Bxg7 Qxg7 28. Qxg7+ Kxg7 29. Rb6 Ne5 30. Nb3 Rf7 31. Na5 Kf6 32. Kf1 Ke6 33. Ra8 Rff8 34. Rxb8 Rxb8 35. Rxc6 Rxb7 36. Rxd6+ Kxd6 37. Nxb7+ Kc6 38. Na5+ Kb6 39. Nb3 Nxc4 40. Ke1 Kc7 41. Nd4 Nd6 42. Kd2 Kd7 43. h3 Ke7 44. g4 Kf6 45. gxf5 Nxf5 46. Kc3 Nd6 47. Nc6 h5 48. Kd4 g4 49. h4 Nf5+ 50. Kxe4 Nxh4 51. Kf4 Ng6+ 52. Kg3 Kg5 53. Nd4 h4+ 54. Kh2 Nf4 55. e3 Nh5 56. f3 gxf3 57. Nxf3+ Kg4 1/2-1/2

[Event "Pan American-ch U1700"]
[Site "Carilo Village"]
[Date "2016.10.27"]
[Round "5"]
[White "Bustamante Chavez, Matias Marcelo"]
[Black "Carrizo, Victor"]
[Result "1/2-1/2"]
[WhiteElo "1647"]
[BlackElo "1620"]
[PlyCount "109"]
[EventDate "2016.10.25"]
[EventType "swiss"]
[EventRounds "9"]
[EventCountry "ARG"]
[SourceTitle "EXT 2022"]
[Source "ChessBase"]
[SourceDate "2021.10.06"]
[SourceVersion "1"]
[SourceVersionDate "2021.10.06"]
[SourceQuality "1"]

1. e4 c5 2. Nf3 Nc6 3. d4 cxd4 4. Nxd4 e5 5. Nb5 d6 6. N1c3 a6 7. Na3 Nf6 8. Bg5 Be6 9. Nd5 Bxd5 10. exd5 Qa5+ 11. Qd2 Qxd2+ 12. Bxd2 Nxd5 13. g3 Be7 14. c3 0-0 15. Bg2 Nf6 16. 0-0 h6 17. Rad1 d5 18. Rfe1 Rfe8 19. Nc2 Bc5 20. Ne3 e4 21. h3 Ne5 22. Bc1 Nd3 23. Re2 Rac8 24. Nf5 Nxc1 25. Rxc1 Kh7 26. Rd1 g6 27. Nd4 Kg7 28. Kf1 Rc7 29. Nc2 Ree7 30. Nb4 Bxb4 31. cxb4 Rc4 32. a3 Rec7 33. f3 Nh5 34. Kf2 Rc2 35. Rdd2 Rxd2 36. Rxd2 exf3 37. Bxf3 Nf6 38. Ke3 Kf8 39. Kd4 Ke7 40. Re2+ Kd6 41. b3 Rc1 42. Rf2 Nd7 43. h4 f6 44. h5 g5 45. Bg4 Rc6 46. b5 axb5 47. Bxd7 Kxd7 48. Kxd5 b6 49. Rf3 Rc5+ 50. Kd4 Ke6 51. Re3+ Re5 52. Rc3 Rd5+ 53. Ke4 f5+ 54. Kf3 Rc5 55. Rd3 1/2-1/2